Deutsche Städte nach Bundesländern - Kachelauswahl #1 - Statistiken

Allgemein
  • Dieses Quiz wurde 213 mal gespielt
  • Das Durchschnittsergebnis liegt bei 52 aus 63
Antwortstatistiken
Frage Kachel Select % Korrekt
in Nordrhein-Westfalen liegen. Düsseldorf Ja
98%
in Nordrhein-Westfalen liegen. Koblenz Nein
97%
in Nordrhein-Westfalen liegen. Braunschweig Nein
96%
in Bayern liegen. Köpenick Nein
96%
in Bayern liegen. Mannheim Nein
96%
in Bayern liegen. Kassel Nein
95%
in Mecklenburg-Vorpommern liegen. Berlin Nein
94%
in Rheinland-Pfalz liegen. Köln Nein
94%
in Bayern liegen. München Ja
94%
in Bayern liegen. Regensburg Ja
94%
in Rheinland-Pfalz liegen. Sonneberg Nein
94%
in Sachsen liegen. Dresden Ja
93%
in Nordrhein-Westfalen liegen. Krefeld Ja
93%
in Bayern liegen. Passau Ja
93%
in Brandenburg liegen. Potsdam Ja
93%
in Brandenburg liegen. Prag Nein
93%
in Baden-Württemberg liegen. Elmshorn Nein
92%
in Baden-Württemberg liegen. Freiburg Ja
92%
in Rheinland-Pfalz liegen. Trier Ja
92%
in Rheinland-Pfalz liegen. Mainz Ja
91%
in Nordrhein-Westfalen liegen. Paderborn Ja
91%
in Mecklenburg-Vorpommern liegen. Rostock Ja
91%
in Rheinland-Pfalz liegen. Metz Nein
90%
in Bayern liegen. Rosenheim Ja
90%
in Nordrhein-Westfalen liegen. Siegen Ja
90%
in Bayern liegen. Solingen Nein
90%
in Sachsen liegen. Chemnitz Ja
89%
in Nordrhein-Westfalen liegen. Limburg (Lahn) Nein
89%
in Baden-Württemberg liegen. Darmstadt Nein
88%
in Mecklenburg-Vorpommern liegen. Stralsund Ja
88%
in Brandenburg liegen. Breslau Nein
87%
in Baden-Württemberg liegen. Villingen-Schwenningen Ja
87%
in Mecklenburg-Vorpommern liegen. Weimar Nein
87%
in Mecklenburg-Vorpommern liegen. Lüneburg Nein
86%
in Nordrhein-Westfalen liegen. Osnabrück Nein
86%
in Rheinland-Pfalz liegen. Völklingen Nein
86%
in Baden-Württemberg liegen. Ulm Ja
85%
in Bayern liegen. Hof Ja
84%
in Mecklenburg-Vorpommern liegen. Wittenberge Nein
83%
in Sachsen liegen. Altenburg Nein
82%
in Baden-Württemberg liegen. Bamberg Nein
82%
in Mecklenburg-Vorpommern liegen. Greifswald Ja
82%
in Rheinland-Pfalz liegen. Speyer Ja
82%
in Sachsen liegen. Halle Nein
81%
in Brandenburg liegen. Oranienburg Ja
78%
in Baden-Württemberg liegen. Ravensburg Ja
78%
in Baden-Württemberg liegen. Neu-Ulm Nein
77%
in Rheinland-Pfalz liegen. Pirmasens Ja
76%
in Sachsen liegen. Zwickelau Nein
76%
in Sachsen liegen. Cottbus Nein
75%
in Mecklenburg-Vorpommern liegen. Wismar Ja
75%
in Baden-Württemberg liegen. Bietigheim-Bissingen Ja
71%
in Brandenburg liegen. Eberswalde Ja
71%
in Sachsen liegen. Meißen Ja
71%
in Brandenburg liegen. Stendal Nein
70%
in Nordrhein-Westfalen liegen. Ennepetal Ja
67%
in Mecklenburg-Vorpommern liegen. Güstrow Ja
67%
in Sachsen liegen. Zittau Ja
63%
in Rheinland-Pfalz liegen. Gerolstein Ja
61%
in Brandenburg liegen. Blankenfelde-Mahlow Ja
54%
in Sachsen liegen. Hoyerswerda Ja
54%
in Brandenburg liegen. Königs Wusterhausen Ja
54%
in Brandenburg liegen. Neustrelitz Nein
52%
Keine übereinstimmenden Quizze gefunden
Verteilung der Resultate
Anzahl Personen mit jedem Resultat
Perzentil nach korrekt beantworteten Fragen
Ihre Resultats-Entwicklung
Sie haben dieses Quiz noch nicht gespielt